Movies Quiz

Random Movies or Country Quiz

Countries with a Foreign Film Oscar Quiz Stats

 Plays Quiz Updated Jun 1, 2018

Challenge
Share
Tweet
Embed
Score 0/26 Timer 05:00
1 Play Today
Oscars Won Country % Correct
12France
97%
14Italy
94.5%
1Russia
94%
4Japan
93.7%
2Germany
93.3%
4Spain
91.4%
3Sweden
80.8%
1Poland
73.6%
1Canada
72.4%
1South Africa
72%
2Argentina
71.4%
3Denmark
68.4%
2Austria
64.9%
Oscars Won Country % Correct
1Chile
61.6%
2Switzerland
58.5%
3Netherlands
57.2%
1Taiwan
51%
1Czechia
46.7%
2Hungary
46.5%
3Soviet Union
46.2%
2Czechoslovakia
26.4%
1West Germany
23.5%
1Algeria
21%
2Iran
19%
1Bosnia and Herzegovina
13.1%
1Côte d'Ivoire
4.2%

You're not logged in!

Compare scores with friends on all Sporcle quizzes.
Join for Free
OR
Log In

You Might Also Like...

Show Comments

Extras

Top Quizzes Today


Score Distribution

Your Account Isn't Verified!

In order to create a playlist on Sporcle, you need to verify the email address you used during registration. Go to your Sporcle Settings to finish the process.

Report this User

Report this user for behavior that violates our Community Guidelines.

Details: